000 00331nam a2200133Ia 4500
008 240624s9999 xx 000 0 und d
041 _aeng
082 _a005.746 DRO
100 _aDROZDEK ADAM
245 _aELEMENTS OF DATA COMPRESSION
260 _c2002
_aSingapore
_bThomson Asia
300 _axii, : 221 : cm. ; 24
365 _cRS
999 _c1955
_d1955